Just another flag quiz - Statistics

General Stats
  • This quiz has been taken 10 times
  • The average score is 12 of 16
Answer Stats
Picture Answer % Correct
CAR
80%
Chad
80%
Fiji
80%
Monaco
80%
Togo
80%
Tonga
80%
Azerbaijan
70%
DRC
70%
England
70%
Myanmar
70%
Panama
70%
Papua New Guinea
70%
Scotland
70%
Wales
70%
Denmark
60%
Sudan
60%
No matching quizzes found
Score Distribution
Percent of People with Each Score
Percentile by Number Answered
Your Score History
You have not taken this quiz